Batman Villains that Were in Movies - Statistics

General Stats
  • This quiz has been taken 376 times
  • The average score is 25 of 27
Answer Stats
Picture Hint Answer % Correct
Batman The Joker
100%
Batman The Joker
100%
The Dark Knight The Joker
100%
The Batman The Joker
100%
Joker The Joker
100%
Batman Catwoman
98%
Batman Returns Catwoman
98%
The Dark Knight Rises Catwoman
98%
The Batman Catwoman
98%
Batman The Penguin
98%
Batman Returns The Penguin
98%
The Batman The Penguin
98%
Batman The Riddler
97%
Batman Forever The Riddler
97%
The Batman The Riddler
97%
Batman Forever Two-Face
95%
The Dark Knight Two-Face
95%
Batman & Robin Poison Ivy
94%
Batman & Robin Bane
93%
The Dark Knight Rises Bane
93%
Batman Begins Scarecrow
91%
The Dark Knight Scarecrow
91%
The Dark Knight Rises Scarecrow
91%
Batman & Robin Mr. Freeze
89%
Batman Begins Ra's al Ghul
76%
The Dark Knight Rises Talia al Ghul
58%
Batman Returns Max Shreck
28%
No matching quizzes found
Score Distribution
Percent of People with Each Score
Percentile by Number Answered
Your Score History
You have not taken this quiz